Statistics for European Countries Containing Letter M

Click here to take the quiz!

General Stats

  • This quiz has been taken 81 times
    (27 since last reset)
  • The average score is 11 of 12

Answer Stats

Answer% Correct
Montenegro
100%
Belgium
96%
Luxembourg
96%
Macedonia
96%
Moldova
96%
United Kingdom
96%
Malta
92%
Monaco
92%
Denmark
88%
Germany
88%
Romania
88%
San Marino
88%

Score Distribution

Percentile by Number Answered

Percent of People with Each Score

Your Score History

You have not taken this quiz since the last reset